| 000 | 00893nac a22002291u 4500 | ||
|---|---|---|---|
| 010 | _a 95003458 | ||
| 020 | _a0824790839 (alk. paper) | ||
| 082 | 0 | 0 |
_a658.155 _bS6141 |
| 090 |
_c3803 _d3803 |
||
| 100 | _aSims, E. Ralph. | ||
| 245 | 1 | 0 |
_aPrecision manufacturing costing / _cE. Ralph Sims, Jr. |
| 260 |
_aNew York : _bM. Dekker,1995 _cc1995. |
||
| 300 |
_axvii, 332 p. : _bill. ; _c24 cm. |
||
| 490 | 1 |
_aCost engineering ; _v23 |
|
| 504 | _aIncludes bibliographical references (p. 325-328) and index. | ||
| 650 | 0 | _aCosts, Industrial. | |
| 650 | 0 | _aCost control. | |
| 830 | 0 | _aCost engineering (Marcel Dekker, Inc.) ; | |
| 856 | 4 | 1 |
_3Table of contents only _uhttp://www.loc.gov/catdir/toc/fy0712/95003458.html |
| 942 |
_cBB _k658.155S6141 |
||
| 999 |
_c3803 _d3803 |
||